Представление документа в формате MARC21

ПолеНазваниеЗначение
  Тип записи a
  Библиографический уровень m
001 Контрольный номер RU\infra-m\znanium\bibl\2202489
005 Дата корректировки 20260429142145.0
008 Кодируемые данные 250401s2025 RU g rus u
020 Индекс ISBN __
a ISBN 978-5-16-020894-7
020 Индекс ISBN __
a ISBN 978-5-16-109866-0 (электр. издание)
040 Источник каталогиз. __
a Служба первич. каталог. Общество с ограниченной ответственностью «ЗНАНИУМ»
041 Код языка издания __
a Код языка текста rus
044 Код страны публикации __
a Код страны публикации RU
080 Индекс УДК __
a Индекс УДК 528.9(075.8)
084 Индекс другой классификации/Индекс ББК __
2 Источник индекса rubbk
a Индекс другой классификации/Индекс ББК 26.17я73
084 Индекс другой классификации/Индекс ББК __
2 Источник индекса okso
a Индекс другой классификации/Индекс ББК 05.03.02
084 Индекс другой классификации/Индекс ББК __
2 Источник индекса okso
a Индекс другой классификации/Индекс ББК 05.03.03
100 Автор __
a Автор Шульгина О.В.
q Полное имя Шульгина Ольга Владимировна
u Дополнение Московский городской педагогический университет
245 Заглавие __
a Заглавие Картография с основами топографии. Словарь-справочник
b Продолж. заглавия Учебное пособие
c Ответственность Московский городской педагогический университет
250 Сведения об издании __
g перераб. и доп.
a Основные сведения об издании 2
260 Выходные данные __
a Место издания Москва
b Издательство ООО "Научно-издательский центр ИНФРА-М"
c Дата издания 2025
300 Физическое описание __
a Объем 229 с.
440 Серия __
a Серия Высшее образование
520 Аннотация __
a Аннотация В словаре-справочнике представлены основные понятия и термины картографии и топо графии общепринятые классификации методические подходы к определению и вычислению различных показателей по картам способы картографического изображения краткие сведения о съемке местности и геодезических приборах информация о выдающихся картографах. Включены также некоторые новые понятия характеризующие развитие картографии в начале XXI в. Соответствует требованиям федеральных государственных образовательных стандартов высшего образования последнего поколения. Предназначен в качестве дополнительного учебного пособия для студентов педагогических университетов и колледжей обучающихся по географическим и картографическим профилям а также может быть полезен учителям географии и старшеклассникам.
521 Примеч. о цел. назн. __
a Примеч. о целев. назн. Профессиональное образование
650 Тематические рубрики __
a Основная рубрика Науки о Земле. Экология
x Основная подрубрика Картография. Картоведение
655 Указ. предметных рубрик (устаревшее) __
a Жанр/ форма (устаревшее) Учебное пособие
856 Электронный адрес документа 4_
a Имя сервера/домена znanium.ru
m Помощь ebs_support@infra-m.ru
n Местонахождение сервера НИЦ ИНФРА-М
u URL https://znanium.ru/catalog/document?id=462342
856 Электронный адрес документа 48
a Имя сервера/домена znanium.ru
d Путь /cover/2202
f Электронное имя 2202489.jpg
q Тип электронного формата image/jpeg
u URL https://znanium.ru/cover/2202/2202489.jpg
911 __
u 0030=https://znanium.ru/catalog/document?id=462342